Exam ref 70-487 : (Record no. 85038)

MARC details
000 -LEADER
fixed length control field 00841nam a22002537a 4500
005 - DATE AND TIME OF LATEST TRANSACTION
control field 20140612124533.0
010 ## - LCCN (DPL NO)
LC control number ENG-110190
020 ## - INTERNATIONAL STANDARD BOOK NUMBER
International Standard Book Number 9788120349728
Terms of availability 595.00
035 ## - SYSTEM CONTROL NUMBER
System control number EN-93722
037 ## - SOURCE OF ACQUISITION
Source of stock number/acquisition DBAD/PUB
082 ## - DEWEY DECIMAL CLASSIFICATION NUMBER
Classification number 004.6782076
100 ## - MAIN ENTRY--PERSONAL NAME
Personal name Ryan, William
245 ## - TITLE STATEMENT
Title Exam ref 70-487 :
Statement of responsibility, etc by William Ryan, Wouter De Kort [and] Shane Milton
Remainder of title developing Windows Azure and web services /
260 ## - PUBLICATION, DISTRIBUTION, ETC. (IMPRINT)
Place of publication, distribution, etc Delhi
Name of publisher, distributor, etc PHI Learning
Date of publication, distribution, etc 2014
270 ## - ADDRESS
Address Rimjhim House, 111, Patparganj Industrial Estae
City Delhi
Postal code 110092
300 ## - PHYSICAL DESCRIPTION
Extent xvii,456p.:
Dimensions 24cm(pbk)
Other physical details ill
500 ## - GENERAL NOTE
General note Includes index
650 ## - SUBJECT ADDED ENTRY--TOPICAL TERM
Topical term or geographic name as entry element Cloud computing.
650 ## - SUBJECT ADDED ENTRY--TOPICAL TERM
Topical term or geographic name as entry element Web services.
650 ## - SUBJECT ADDED ENTRY--TOPICAL TERM
Topical term or geographic name as entry element Microsoft software
General subdivision Examinations
Form subdivision Study guides.
700 ## - ADDED ENTRY--PERSONAL NAME
Personal name Kort, Wouter De
700 ## - ADDED ENTRY--PERSONAL NAME
Personal name Milton,Shane
942 ## - ADDED ENTRY ELEMENTS (KOHA)
Source of classification or shelving scheme Dewey Decimal Classification
Item type English Books
Call number suffix RYA
Classification part 004.6782076
Holdings
Withdrawn status Lost status Not for loan Collection code Home library Current library Date acquired Source of acquisition Cost, normal purchase price Full call number Barcode Copy number Cost, replacement price Koha item type
    Not For Loan Non-fiction D.B.Act.Division D.B.Act.Division 11/06/2014 ENG-110190 595.00 004.6782076 RYA EN-93722 1 595.00 English Books

© Delhi Public Library
Hit Counter
free hit counter